Normal view
MARC view
Entry Topical Term
001 - CONTROL NUMBER
- control field: 76677
003 - CONTROL NUMBER IDENTIFIER
- control field: OSt
005 - DATE AND TIME OF LATEST TRANSACTION
- control field: 20190917130634.0
008 - FIXED-LENGTH DATA ELEMENTS
- fixed length control field: 190917|| aca||aabn | a|a d
040 ## - CATALOGING SOURCE
- Original cataloging agency: OSt
- Transcribing agency: OSt
150 ## - HEADING--TOPICAL TERM
- Topical term or geographic name entry element: साहित्य
670 ## - SOURCE DATA FOUND
- Source citation: Work cat.: (OSt): दिसोदिया ,डाॅ रजनी 76676, भाषा साहित्य और सर्जनात्मकता , 2016









